AH International Schools' Libraries

Rethinking educational leadership : (Record no. 49815)

MARC details
000 -LEADER
fixed length control field 00625pam a2200169 a 4500
001 - CONTROL NUMBER
control field 014927238
020 ## - INTERNATIONAL STANDARD BOOK NUMBER
International Standard Book Number 9781855396586 (pbk.) :
035 ## - SYSTEM CONTROL NUMBER
System control number (OCoLC)ocn276274583
042 ## - AUTHENTICATION CODE
Authentication code ukblcatcopy
100 1# - MAIN ENTRY--PERSONAL NAME
Personal name West-Burnham, John,
Dates associated with a name 1946-
9 (RLIN) 86951
245 10 - TITLE STATEMENT
Title Rethinking educational leadership :
Remainder of title from improvement to transformation /
Statement of responsibility, etc John West-Burnham.
260 ## - PUBLICATION, DISTRIBUTION, ETC. (IMPRINT)
Place of publication, distribution, etc London :
Name of publisher, distributor, etc Network Continuum,
Date of publication, distribution, etc c2009.
300 ## - PHYSICAL DESCRIPTION
Extent viii, 144 p. :
Other physical details ill. ;
Dimensions 24 cm.
504 ## - BIBLIOGRAPHY, ETC. NOTE
Bibliography, etc Includes bibliographical references (p. [135]-139) and index.
650 #0 - SUBJECT ADDED ENTRY--TOPICAL TERM
Topical term or geographic name as entry element School management and organization. Educational leadership.
9 (RLIN) 86952
942 ## - ADDED ENTRY ELEMENTS (KOHA)
Source of classification or shelving scheme
Koha item type Teacher's Resources
Holdings
Withdrawn status Lost status Source of classification or shelving scheme Damaged status Not for loan Collection code Home library Current library Shelving location Date acquired Total Checkouts Full call number Barcode Date last seen Price effective from Koha item type
          TEACHERS' RESOURCES Asian Hope Secondary Library Asian Hope Secondary Library SECONDARY 11/24/2025   370.11 WES 208346 11/24/2025 11/24/2025 Teacher's Resources

For any Logos Library related questions please contact Miss Art at swongnarasuk@asianhope.org.

For any Asian Hope Library related questions please contact Miss Raza at graza@asianhope.org.

Powered by Koha